Normal view
MARC view
Entry Personal Name
001 - CONTROL NUMBER
- control field: 1234709
003 - CONTROL NUMBER IDENTIFIER
- control field: OSt
005 - DATE AND TIME OF LATEST TRANSACTION
- control field: 20260413100439.0
008 - FIXED-LENGTH DATA ELEMENTS
- fixed length control field: 260413|| aca||aabn | a|a d
040 ## - CATALOGING SOURCE
- Original cataloging agency: OSt
- Transcribing agency: OSt
100 ## - HEADING--PERSONAL NAME
- Personal name: Tiedemann, Markus, Ed
670 ## - SOURCE DATA FOUND
- Source citation: Work cat.: (OSt)1848244: Tiedemann, Markus, Ed., Philosophical education beyond the classroom/, 2024
